000 00585nam a2200229Ia 4500
003 0100
008 130303s9999 xx 000 0 und d
020 _a0133576655
040 _cARRUPELIB
050 _aBJ1401.P5 1964
245 _aGod and evil
245 _breadings on the theological problems of evil
260 _aEnglewood Cliffs, NJ
260 _bPrentice-Hall, Inc.
260 _C1964
300 _aviii
300 _b 114p. 22cm.
440 _aContemporary perspectives in Philosophy series
650 _aETHICS
700 _aPike, Nelson (ed.)
942 0 0 _02
999 _c41087
_d41087